000 00524nam a2200181Ia 4500
003 OSt
005 20240404140419.0
008 210210b1949 xxu||||| |||| 00| 0 eng d
040 _cAL
041 _aKannada
082 _a856/102
100 _aLAKSHMANARAV (J R) ಲಕ್ಷ್ಮೀನಾರಾಯಣ ರಾವ್
_9158572
245 _aParamanu charitre
_bಪರಮಾಣು ಚರಿತ್ರೆ
260 _aBengaluru
_b-
_c1949
690 _aKannada Miscellaneous
_9158573
906 _a020350
942 _2ddc
_cBK
999 _c144499
_d144499